000 01015cam a2200301 a 4500
999 _c330761
_d330761
001 17400357
003 NUST
005 20180116122647.0
008 120725s2012 pk b 000 0 eng
010 _a 2012432175
020 _a9789693524888
020 _a9693524888
025 _aP-E-2012432175; 31
040 _aDLC
_cDLC
042 _alcode
_apcc
043 _aa-ii---
050 0 0 _aDS392.S23
_bG39 2012
082 _a954.915
_bGAZ
245 0 0 _aGazetteer of the Montgomery District (Sahiwal) 1883-84.
246 3 0 _aMontgomery District (Sahiwal), 1883-84
246 3 0 _aSahiwal
260 _aLahore :
_bSang-e-Meel Publications,
_c2012.
300 _a186 p. ;
_c25 cm.
500 _aOriginally published: Lahore : Arya Press, 1884.
504 _aIncludes bibliographical references.
651 0 _aSahiwal District (Pakistan)
_93737
906 _a7
_bcbc
_corigode
_d3
_encip
_f20
_gy-gencatlg
942 _2ddc
_cBK